000 00776nam a2200253 a 4500
001 54422
003 BD-RjUL
005 20211209080122.0
008 161106b2004 i ||||| |||| 00| 0 eng d
020 _a8129703025
035 _a(BD-RjUL)54544
040 _aBD-RjUL
_beng
_cBD-RjUL
041 _aeng
082 _223
_a155.2
_bFRP 2004
100 1 _aFriedman, Howard S.
_9162413
245 1 0 _aPersonality :
_bclassic theories and modern research /
_cHoward S Friedman, Miriam W. Schustack
250 _a2nd ed.
260 _aIndia :
_bPearson,
_cc2003 [ Reprint 2004] .
300 _axxi, 584 p. :
_bill. ;
_c25 cm
504 _aIncludes Bibliographical References and Index
650 _aPersonality
_9162414
700 _aSchustack, Miriam W
_9162415
942 _2ddc
_cBK
999 _c54422
_d54422